000 00327nam a2200133Ia 4500
005 20251222153649.0
008 251222s9999||||xx |||||||||||||| ||spa||
082 _a501/B18
100 _aBallón, José Carlos
245 0 _aUn Cambio en Nuestro Paradigma de Ciencia
250 _a1ra. ed.
264 _bCONCYTEC
942 _cLIB
999 _c33030
_d33030